[Event "BCF-chT3 0203 (4NCL)"]
[Site "West Bromwich"]
[Date "2003.05.25"]
[Round "10.8"]
[White "Coupe, Heather L"]
[Black "Smith, Olivia"]
[Result "0-1"]
[WhiteElo "1376"]
[BlackElo "1916"]
[PlyCount "92"]
[EventDate "2002.11.??"]
[EventType "team"]
[EventRounds "11"]
[EventCountry "ENG"]
[SourceTitle "EXT 2004"]
[Source "ChessBase"]
[SourceDate "2003.11.25"]
[SourceVersion "1"]
[SourceVersionDate "2003.11.25"]
[SourceQuality "1"]
[WhiteTeam "White Rose II"]
[BlackTeam "Nidum Knights"]
[WhiteTeamCountry "ENG"]
[BlackTeamCountry "ENG"]

1. d4 Nf6 2. Bf4 d5 3. e3 Bf5 4. Bd3 Bg6 5. Nf3 Nbd7 6. c3 e6 7. 0-0 Ne4 8. Qc2 Be7 9. Nbd2 Nxd2 10. Qxd2 Bxd3 11. Qxd3 g5 12. Bg3 h5 13. h3 g4 14. hxg4 hxg4 15. Nh2 Bh4 16. Qe2 f5 17. Rfd1 Bxg3 18. fxg3 Qg5 19. Nf1 0-0-0 20. Kf2 e5 21. dxe5 Nxe5 22. b3 Ng6 23. Qd3 Rhe8 24. Qd4 b6 25. a4 Ne5 26. a5 Kb7 27. axb6 axb6 28. Qf4 Qf6 29. Qa4 Ra8 30. Qb5 c6 31. Qe2 Nd7 32. Qc2 Nc5 33. Nd2 Qe5 34. Nf1 Ne4+ 35. Kg1 Nxg3 36. Nxg3 Qxg3 37. Qxf5 Qxe3+ 38. Qf2 Rxa1 39. Rxa1 g3 40. Qxe3 Rxe3 41. Rc1 c5 42. Kf1 Kc6 43. b4 Kb5 44. bxc5 Kxc5 45. Rc2 b5 46. Rc1 Kc4 0-1

[Event "BCF-chT3 0203 (4NCL)"]
[Site "West Bromwich"]
[Date "2003.05.24"]
[Round "9.8"]
[White "Lutton, J Arnold"]
[Black "Coupe, Heather L"]
[Result "1-0"]
[WhiteElo "1680"]
[BlackElo "1376"]
[PlyCount "73"]
[EventDate "2002.11.??"]
[EventType "team"]
[EventRounds "11"]
[EventCountry "ENG"]
[SourceTitle "EXT 2004"]
[Source "ChessBase"]
[SourceDate "2003.11.25"]
[SourceVersion "1"]
[SourceVersionDate "2003.11.25"]
[SourceQuality "1"]
[WhiteTeam "South County Stars"]
[BlackTeam "White Rose II"]
[WhiteTeamCountry "ENG"]
[BlackTeamCountry "ENG"]

1. e4 e6 2. d4 d5 3. e5 c5 4. Nf3 Qb6 5. Bd3 Nc6 6. 0-0 Bd7 7. Re1 cxd4 8. Bf4 Nge7 9. Nbd2 Ng6 10. Bg3 Bb4 11. Re2 Bxd2 12. Rxd2 0-0 13. a3 Rab8 14. h4 Qc7 15. Re2 Qd8 16. h5 Nge7 17. Bh4 Qe8 18. g4 f5 19. Ng5 h6 20. f3 fxg4 21. fxg4 Rf4 22. Re1 Qf8 23. Nh3 Rf3 24. Kg2 Re3 25. Bg3 Rxe1 26. Qxe1 Qf7 27. Nf4 b6 28. Qe2 Qe8 29. Rf1 Na5 30. b3 Rc8 31. Bh4 Nac6 32. Ng6 Nf5 33. gxf5 exf5 34. Bxf5 Bxf5 35. Rxf5 Qe6 36. Qf2 Kh7 37. Nf8+ 1-0